LEADER 01822nam0 22004453i 450 001 TO01119644 005 20231121125843.0 010 $a8838608342 100 $a20051115d2002 ||||0itac50 ba 101 | $aita 102 $ait 181 1$6z01$ai $bxxxe 182 1$6z01$an 200 1 $aEconomia$fPaul A. Samuelson, William D. Nordhaus 205 $a17. ed 210 $aMilano [etc.]$cMcGraw-Hill$d[2002] 215 $aXXIV, 775 p.$d25 cm 225 | $aCollana di istruzione scientifica$i. Serie di economia 225 | $aEconomia 300 $a17 ed. americana. 311 $aIl nome della collana compare sul dorso$9UTO1173052 410 1$1001RAV0197796$12001 $aCollana di istruzione scientifica$i. Serie di economia 410 1$1001UTO1173052$12001 $aEconomia 500 10$aEconomics.$3CFI0050272$9CFIV005606$93008286 606 $aEconomia$2FIR$3RMLC000063$9I 676 $a330$9ECONOMIA$v21 700 1$aSamuelson$b, Paul A.$3CFIV005606$4070$0440036 701 1$aNordhaus$b, William D.$3CFIV032216$4070$0106474 790 1$aSamuelson$b, Paul Anthony$3SBNV098765$zSamuelson, Paul A. 790 1$aSamuelson$b, Paul Abraham$3UTOV565611$zSamuelson, Paul A. 801 3$aIT$bIT-01$c20051115 850 $aIT-RM0542 $aIT-RM1164 $aIT-FR0099 899 $aBIBLIOTECA DEL MINISTERO DEGLI AFFARI ESTERI$bRM0542 899 $aBiblioteca Luca Pacioli Dipartimento Ragioneria$bRM1164 899 $aBiblioteca Area Ingegneristica$bFR0099 912 $aTO01119644 950 0$aBiblioteca Area Ingegneristica$d 54DMS 330 SAM$e 54VM 0000123125 VM barcode:ING677M. - Inventario:677m. - Fondo:CONVM$fA $h20030206$i20121204 977 $a 09$a 40$a 54 996 $aEconomics$93008286 997 $aUNICAS